Psicología del niño
Guardat en:
| Autor principal: | |
|---|---|
| Format: | Llibre |
| Idioma: | espanyol |
| Publicat: |
Buenos Aires
EUDEBA
1969
|
| Edició: | 4a. ed |
| Matèries: | |
| Etiquetes: |
Afegir etiqueta
Sense etiquetes, Sigues el primer a etiquetar aquest registre!
|
MARC
| LEADER | 00000nam a2200000 a 4500 | ||
|---|---|---|---|
| 001 | UCM8869 | ||
| 003 | CL-VaPUC | ||
| 008 | 030404e19690000AG |||||||||||||||||spa|d | ||
| 082 | 0 | 4 | |a 155.4 |b JER |2 21 |
| 100 | |a Jersild, Arthur Thomas |e author |9 568688 | ||
| 245 | 1 | 0 | |a Psicología del niño |
| 250 | |a 4a. ed | ||
| 300 | |a 626 p | ||
| 942 | |c BK | ||
| 945 | |d 20030404 00:00:00 |a cmena | ||
| 260 | |a Buenos Aires |b EUDEBA |c 1969 | ||
| 650 | 0 | |a Psicología del niño |9 307305 | |
| 650 | 0 | |a Psicología del aprendizaje |9 306854 | |
| 650 | 0 | |a Desarrollo individual |9 307875 | |
| 650 | 0 | |a Aprendizaje |9 254827 | |
| 583 | |a last modification |c 20030404 00:00:00 |k Rodrigo Vera | ||
| 999 | |c 303287 |d 303285 | ||
| 952 | |0 0 |1 0 |4 0 |6 155_400000000000000_JER_1969 |7 0 |8 P |9 364487 |a BIBEDU |b BIBEDU |c BIBEDU_PB |d 2019-11-21 |i 3890295 |o 155.4 JER 1969 |p 3890295 |r 2024-01-25 |w 2019-11-21 |y BK |k BME | ||